Welche Haltestelle in Berlin #1 - Statistiken

Allgemein
  • Dieses Quiz wurde 78 mal gespielt
  • Das Durchschnittsergebnis liegt bei 9 aus 15
Antwortstatistiken
Hinweise Haltestelle % Korrekt
S7-Bahnhof im Westen der Stadt, .....wald G Grunewald
89%
"Nordkreuz" G Gesundbrunnen
83%
2021 eröffnete U5-Station, die Decke ist ein Sternenhimmel M Museumsinsel
83%
Bahnhof am Ostteil der Stadtbahn, Anschluss zu U1 und U3 W Warschauer Straße
81%
S7-Endpunkt, liegt beinahe auf der Stadtgrenze A Ahrensfelde
75%
hier kreuzt die U7 den Ring, Umstieg zum Regionalverkehr J Jungfernheide
69%
hier zweigen die S-Bahnen zum Flughafen von der Hauptstrecke ab, alphabetisch erster S-Bahnhof A Adlershof
67%
Bahnhof der U1 und U3 nahe der Spree S Schlesisches Tor
58%
S3-Station mitten im Wald, Anschluss zur Woltersdorfer Straßenbahn R Rahnsdorf
50%
U7-Bahnhof in Kreuzberg G Gneisenaustraße
47%
S2-Bahnhof mit Anschluss zur Heidekrautbahn, .....er Kreuz K Karow
44%
Top 10 der westlichsten U-Bahnhöfe Berlins, heißt wie ein Roman von Harriet Beecher Stowe O Onkel Toms Hütte
44%
eingleisiger S47-Haltepunkt, war früher mal zweigleisig O Oberspree
42%
S2-Bahnhof in Lichtenrade S Schichauweg
36%
zweitnördlichster Bahnhof des S-Bahn-Netzes an der S1, betrieblich nur ein Haltepunkt L Lehnitz
33%
Keine übereinstimmenden Quizze gefunden
Verteilung der Resultate
Anzahl Personen mit jedem Resultat
Perzentil nach korrekt beantworteten Fragen
Ihre Resultats-Entwicklung
Sie haben dieses Quiz noch nicht gespielt